Kevin Peng

N/A


Categories

History - World3200651654.0002
RMP - World Mythology2200505090.0001
History - American1200355198.3301
History - European1200353484.3312
History - Cross, Historiography, and Miscellaneous0300306990.0000
Current Events - World2000303946.5001
RMP - Greco-Roman Mythology1100253475.5011
Science - Computer Science0200205572.0000
Science - Engineering and Miscellaneous0200206365.0000
RMP - Islam0200208587.5000
RMP - East Asian Religion020020108111.5000
RMP - Hinduism1000155959.0000
Literature - American1000156767.0000
Literature - British1000153838.0001
Fine Arts - Photography1000155555.0000
Social Science - Other1000152828.0001
Social Science - Psychology010010120120.0000
Fine Arts - Architecture010010106106.0000
Fine Arts - Miscellaneous010010129129.0000
Fine Arts - Music0100109999.0000
Fine Arts - Painting010010115115.0000
Geography - Europe0100105959.0001
RMP - Jewish Practice0100109797.0000
RMP - Philosophy0100108686.0000
Science - Physics010010112112.0000
Social Science - Economics010010131131.0000
Geography - United States000000.0000
Science - Astronomy000000.0000
Other - Other Academic and General Knowledge000000.0000

Buzzes

History - WorldKim2016
History - WorldSafavid Empire2026
Social Science - Otherlighting2028
History - AmericanPlessy v. Ferguson031
History - EuropeanCossacks2034
RMP - Greco-Roman MythologyEurydice2034
Literature - BritishEmma Woodhouse2038
Current Events - WorldIndia2039
History - WorldUnited Kingdom040
History - AmericanPocahontas047